UM Logo
Normal view MARC view
  • Li, Yun Wei.

Entry Personal Name

Number of records used in: 1

001 - CONTROL NUMBER

  • control field: 54219

003 - CONTROL NUMBER IDENTIFIER

  • control field: OSt

005 - DATE AND TIME OF LATEST TRANSACTION

  • control field: 20240308144833.0

008 - FIXED-LENGTH DATA ELEMENTS

  • fixed length control field: 240308|| aca||aabn | a|a d

040 ## - CATALOGING SOURCE

  • Original cataloging agency: OSt
  • Transcribing agency: OSt

100 ## - HEADING--PERSONAL NAME

  • Personal name: Li, Yun Wei.
  • Relator term: author.

670 ## - SOURCE DATA FOUND

  • Source citation: Work cat.: (OSt): Wu, Mingzhe. author. 54215, Generalized low switching frequency modulation for neutral-point-clamped and flying-capacitor four-level converters /, July 2022.